<?xml version="1.0" encoding="UTF-8"?>
<collection xmlns="http://www.loc.gov/MARC21/slim">
 <record>
  <leader>01035nam a2200217   4500</leader>
  <controlfield tag="001">1/49945</controlfield>
  <controlfield tag="008">991124s19941995gr       bd   00010 gre d</controlfield>
  <datafield tag="035" ind1=" " ind2=" ">
   <subfield code="l">22201</subfield>
  </datafield>
  <datafield tag="040" ind1=" " ind2=" ">
   <subfield code="a">GR-PeUP</subfield>
  </datafield>
  <datafield tag="082" ind1="0" ind2="0">
   <subfield code="a">301.03 ΦΙ</subfield>
  </datafield>
  <datafield tag="090" ind1=" " ind2=" ">
   <subfield code="a">R 301.03 ΦΙ</subfield>
  </datafield>
  <datafield tag="245" ind1="0" ind2="0">
   <subfield code="a">Φιλοσοφικό κοινωνιολογικό λεξικό</subfield>
  </datafield>
  <datafield tag="260" ind1=" " ind2=" ">
   <subfield code="a">Αθήνα :</subfield>
   <subfield code="b">Καπόπουλος,</subfield>
   <subfield code="c">1994-1995</subfield>
  </datafield>
  <datafield tag="300" ind1=" " ind2=" ">
   <subfield code="a">5 τ. ;</subfield>
   <subfield code="c">21 εκ.</subfield>
  </datafield>
  <datafield tag="650" ind1=" " ind2="4">
   <subfield code="a">Κοινωνιολογία</subfield>
   <subfield code="x">Λεξικά.</subfield>
  </datafield>
  <datafield tag="650" ind1=" " ind2="4">
   <subfield code="a">Φιλοσοφία</subfield>
   <subfield code="x">Λεξικά.</subfield>
  </datafield>
  <datafield tag="852" ind1=" " ind2=" ">
   <subfield code="a">INST</subfield>
   <subfield code="b">UNIPILB</subfield>
   <subfield code="c">REF</subfield>
   <subfield code="e">20040709</subfield>
   <subfield code="h">301.03 ΦΙ</subfield>
   <subfield code="p">00133016</subfield>
   <subfield code="q">00133016</subfield>
   <subfield code="t">NOLOAN</subfield>
   <subfield code="v">τ.1:</subfield>
   <subfield code="y">23</subfield>
   <subfield code="z">τ.1</subfield>
   <subfield code="4">1</subfield>
  </datafield>
  <datafield tag="852" ind1=" " ind2=" ">
   <subfield code="a">INST</subfield>
   <subfield code="b">UNIPILB</subfield>
   <subfield code="c">REF</subfield>
   <subfield code="e">20040709</subfield>
   <subfield code="h">301.03 ΦΙ</subfield>
   <subfield code="p">00133017</subfield>
   <subfield code="q">00133017</subfield>
   <subfield code="t">NOLOAN</subfield>
   <subfield code="v">τ.2:</subfield>
   <subfield code="y">23</subfield>
   <subfield code="z">τ.2</subfield>
   <subfield code="4">1</subfield>
  </datafield>
  <datafield tag="852" ind1=" " ind2=" ">
   <subfield code="a">INST</subfield>
   <subfield code="b">UNIPILB</subfield>
   <subfield code="c">REF</subfield>
   <subfield code="e">20040709</subfield>
   <subfield code="h">301.03 ΦΙ</subfield>
   <subfield code="p">00133018</subfield>
   <subfield code="q">00133018</subfield>
   <subfield code="t">NOLOAN</subfield>
   <subfield code="v">τ.3:</subfield>
   <subfield code="y">23</subfield>
   <subfield code="z">τ.3</subfield>
   <subfield code="4">1</subfield>
  </datafield>
  <datafield tag="852" ind1=" " ind2=" ">
   <subfield code="a">INST</subfield>
   <subfield code="b">UNIPILB</subfield>
   <subfield code="c">REF</subfield>
   <subfield code="e">20040709</subfield>
   <subfield code="h">301.03 ΦΙ</subfield>
   <subfield code="p">00133019</subfield>
   <subfield code="q">00133019</subfield>
   <subfield code="t">NOLOAN</subfield>
   <subfield code="v">τ.4:</subfield>
   <subfield code="y">23</subfield>
   <subfield code="z">τ.4</subfield>
   <subfield code="4">1</subfield>
  </datafield>
  <datafield tag="852" ind1=" " ind2=" ">
   <subfield code="a">INST</subfield>
   <subfield code="b">UNIPILB</subfield>
   <subfield code="c">REF</subfield>
   <subfield code="e">20040709</subfield>
   <subfield code="h">301.03 ΦΙ</subfield>
   <subfield code="p">00133020</subfield>
   <subfield code="q">00133020</subfield>
   <subfield code="t">NOLOAN</subfield>
   <subfield code="v">τ.5:</subfield>
   <subfield code="y">23</subfield>
   <subfield code="z">τ.5</subfield>
   <subfield code="4">1</subfield>
  </datafield>
 </record>
</collection>
